Legend of Zelda Instruments - Statistics

General Stats
  • This quiz has been taken 35 times
  • The average score is 6 of 10
Answer Stats
Answer % Correct
Ocarina
100%
Harp
94%
Flute
91%
Guitar
72%
Drums
66%
Wind Waker/Baton
63%
Pipes
34%
Recorder
19%
Bell
16%
Grass Whistle/Reed
9%
No matching quizzes found
Score Distribution
Percent of People with Each Score
Percentile by Number Answered
Your Score History
You have not taken this quiz